[Event "World Rapid 2018"]
[Site "St Petersburg RUS"]
[Date "2018.12.26"]
[Round "4.93"]
[White "Sanal, Vahap"]
[Black "Fakhrutdinov, Timur"]
[Result "1-0"]
[WhiteTitle "GM"]
[BlackTitle "FM"]
[WhiteElo "2490"]
[BlackElo "2481"]
[WhiteFideId "6300545"]
[BlackFideId "24176702"]
[EventDate "2018.12.26"]

1. e4 e5 2. Nf3 Nc6 3. Bb5 Nf6 4. d3 Bc5 5. Bxc6 dxc6 6. h3 Qe7 7. Qe2 Nd7 8.
Be3 O-O 9. Nbd2 Rd8 10. O-O Nf8 11. Rad1 f6 12. Nb3 Bd6 13. Nh4 Be6 14. Nf5 Qd7
15. Qf3 Ng6 16. g3 Ne7 17. g4 Nxf5 18. gxf5 Bf7 19. Qg4 g6 20. f4 h5 21. Qg3
exf4 22. Bxf4 g5 23. d4 Kh7 24. Bxd6 cxd6 25. Nd2 Re8 26. Qg2 Qe7 27. Rde1 Qf8
28. b3 Rad8 29. Nf3 Qh6 30. Re2 Re7 31. Rfe1 Rde8 32. Re3 b6 33. Qg3 Rd7 34. Kh1
h4 35. Qg2 Bh5 36. Nh2 Rde7 37. Ng4 Qg7 38. Qh2 Rd7 39. Qe2 Kh8 40. Qf2 Rde7 41.
Qh2 Rd7 42. c3 c5 43. e5 fxe5 44. dxe5 dxe5 45. f6 Qf7 46. Nxe5 Qd5+ 47. Kg1 Rd6
48. f7 Rf8 49. Rd3 Qe6 50. Rde3 Qf6 51. Rf1 Qh6 52. Nc4 Rf6 53. Qe5 Rxf7 54. Nd6
Rf8 55. Ne4 Kg7 56. Rd3 g4 57. Rd7+ 1-0

[Event "World Rapid 2018"]
[Site "St Petersburg RUS"]
[Date "2018.12.26"]
[Round "4.94"]
[White "Teterev, Vitaly"]
[Black "Gaifullin, Artur"]
[Result "0-1"]
[WhiteTitle "GM"]
[BlackTitle "FM"]
[WhiteElo "2486"]
[BlackElo "2448"]
[WhiteFideId "13501429"]
[BlackFideId "24168653"]
[EventDate "2018.12.26"]

1. Nf3 Nf6 2. g3 d5 3. Bg2 c5 4. O-O e6 5. d3 Nc6 6. Nbd2 g6 7. e4 Bg7 8. Re1
O-O 9. c3 a5 10. a4 b6 11. exd5 exd5 12. Nb1 Bb7 13. Na3 d4 14. c4 Nb4 15. Nb5
Bc6 16. Bf4 Qc8 17. Qd2 Qf5 18. Rad1 Nh5 19. Nh4 Qd7 20. Bxc6 Nxc6 21. Bc7 Ra6
22. Qe2 Rc8 23. Bd6 Raa8 24. Qf3 Nf6 25. Ng2 g5 26. h4 Ne8 27. Qd5 Rd8 28. Rxe8+
Rxe8 29. Nc7 Nb4 30. Qxg5 Qxd6 31. Nxa8 Rxa8 32. Nf4 Re8 33. h5 Nc6 34. Nd5 Ne5
35. Kg2 h6 36. Qh4 Qe6 37. Re1 Qc6 38. Qe4 Kf8 39. Kf1 Qe6 40. Kg2 Nxd3 0-1

[Event "World Rapid 2018"]
[Site "St Petersburg RUS"]
[Date "2018.12.26"]
[Round "4.95"]
[White "Yeritsyan, Aram"]
[Black "Rechlis, Gad"]
[Result "1-0"]
[WhiteTitle "FM"]
[BlackTitle "GM"]
[WhiteElo "2372"]
[BlackElo "2521"]
[WhiteFideId "34161047"]
[BlackFideId "2800047"]
[EventDate "2018.12.26"]

1. e4 c5 2. Nf3 d6 3. d4 cxd4 4. Nxd4 Nf6 5. Nc3 g6 6. Be3 Bg7 7. f3 O-O 8. Qd2
Nc6 9. O-O-O d5 10. Qe1 e5 11. Nxc6 bxc6 12. exd5 Nxd5 13. Bc4 Be6 14. Kb1 Re8
15. Ne4 f5 16. Ng5 Bc8 17. h4 h6 18. Nh3 a5 19. Qd2 f4 20. Bc5 Rb8 21. b3 Qf6
22. Nf2 e4 23. Bd4 Qxd4 24. Qxd4 Bxd4 25. Rxd4 exf3 26. Bxd5+ cxd5 27. gxf3 Bf5
28. Nd3 Rbc8 29. Rxd5 Re3 30. Rf1 a4 31. Kb2 Re2 32. Rc1 Rh2 33. bxa4 Rxh4 34.
a5 Rh3 35. Ne5 Rh2 36. a6 Bxc2 37. Ka1 Ra8 38. Rd6 Rg2 39. Nc6 Ba4 40. Rd8+ Rxd8
41. Nxd8 Rg5 42. Rc8 Bd7 43. a7 Bxc8 44. a8=Q Rg1+ 45. Kb2 Bf5 46. Nc6+ Kf7 47.
Qa7+ Ke6 48. Qxg1 1-0

[Event "World Rapid 2018"]
[Site "St Petersburg RUS"]
[Date "2018.12.26"]
[Round "4.97"]
[White "Masrahi, Abdulrahman A"]
[Black "Belyakov, Bogdan"]
[Result "0-1"]
[WhiteTitle "CM"]
[BlackTitle "IM"]
[WhiteElo "1903"]
[BlackElo "2459"]
[WhiteFideId "21501564"]
[BlackFideId "24104795"]
[EventDate "2018.12.26"]

1. d4 Nf6 2. Bf4 g6 3. e3 Bg7 4. Nf3 d6 5. h3 O-O 6. Be2 Nc6 7. O-O e5 8. Bh2
Qe7 9. c4 Ne4 10. Nbd2 exd4 11. exd4 Nxd4 12. Nxd4 Bxd4 13. Nxe4 Qxe4 14. Bf3
Qh4 15. Bg3 Qf6 16. Qd2 Rb8 17. Bd5 Bxb2 18. Rab1 Bc3 19. Qe2 b6 20. f4 Bf5 21.
Rb3 Rbe8 22. Qf3 Bd4+ 23. Bf2 Bxf2+ 24. Rxf2 Re1+ 25. Kh2 h5 26. Re3 Re8 27.
Rfe2 Rxe2 28. Qxe2 Rxe3 29. Qxe3 Kf8 30. Bc6 Be6 31. Qe4 h4 32. Bb5 Kg7 33. Bc6
Qc3 34. Bd5 Bxd5 35. cxd5 Kf8 36. f5 Qe5+ 37. Qxe5 dxe5 38. fxg6 fxg6 39. g3 b5 0-1

[Event "World Rapid 2018"]
[Site "St Petersburg RUS"]
[Date "2018.12.26"]
[Round "4.98"]
[White "Al Thebaiti, Ahmed M"]
[Black "Pogosyan, Stefan"]
[Result "0-1"]
[WhiteTitle "CM"]
[BlackTitle "FM"]
[WhiteElo "1976"]
[BlackElo "2365"]
[WhiteFideId "21502390"]
[BlackFideId "34159867"]
[EventDate "2018.12.26"]

1. d4 Nf6 2. Bf4 d5 3. e3 c5 4. Nc3 g6 5. Nb5 Na6 6. c3 Bg7 7. Nf3 O-O 8. Be2
Bd7 9. a4 Nh5 10. Bg5 h6 11. Bh4 cxd4 12. Nfxd4 Nf6 13. O-O Nc5 14. Nb3 Nce4 15.
f3 Ng5 16. Bg3 Ne6 17. a5 Bxb5 18. Bxb5 a6 19. Bd3 Rc8 20. Bf2 Nc5 21. Bc2 e6
22. Qd2 Nxb3 23. Bxb3 Rc5 24. c4 dxc4 25. Qxd8 Rxd8 26. e4 Rcc8 27. Ba2 Rc6 28.
Rfd1 Rdc8 29. Bb6 Nh5 30. Rab1 Nf4 31. Rd2 h5 32. g3 Nd3 33. Bxc4 Nxb2 34. Bb3
Nc4 35. Bxc4 Rxc4 36. Rbd1 Bf6 37. Rd7 Rc2 38. e5 Bxe5 39. Rd8+ Rxd8 40. Rxd8+
Kg7 41. Rd7 Rb2 42. Rxb7 h4 43. f4 Bc3 44. Ra7 h3 45. Rc7 Bf6 46. g4 Rg2+ 47.
Kh1 Rxg4 48. Bf2 Rxf4 49. Kg1 Ra4 50. Bb6 Be5 51. Rc2 Kh7 52. Bd8 Rg4+ 53. Kf1
Rd4 54. Bb6 Rd1+ 55. Ke2 Rh1 56. Kf3 Rxh2 57. Rc8 Ra2 58. Rc1 h2 59. Rh1 f5 0-1

[Event "World Rapid 2018"]
[Site "St Petersburg RUS"]
[Date "2018.12.26"]
[Round "4.99"]
[White "khayat, Abdullah F"]
[Black "Guimaraes, Diogo Duarte"]
[Result "0-1"]
[BlackTitle "FM"]
[WhiteElo "1723"]
[BlackElo "2278"]
[WhiteFideId "21500460"]
[BlackFideId "2112450"]
[EventDate "2018.12.26"]

1. Nf3 Nf6 2. g3 d5 3. d4 Bf5 4. Bg2 e6 5. c3 h6 6. O-O Be7 7. Re1 O-O 8. Qb3
Qc8 9. Nbd2 c5 10. e3 Nc6 11. a4 Ne4 12. Nxe4 Bxe4 13. Nd2 Bxg2 14. Kxg2 f5 15.
f4 c4 16. Qd1 Na5 17. b4 cxb3 18. Nxb3 Qxc3 19. Bd2 Qxb3 20. Bxa5 Qxd1 21. Rexd1
Rfc8 22. Rdc1 Kf7 23. Kf3 h5 24. h3 Ke8 25. Ke2 Kd7 26. Kd3 b6 27. Bd2 Rc6 28.
Rxc6 Kxc6 29. Rc1+ Kb7 30. a5 b5 31. h4 Rc8 32. a6+ Kb8 33. Rb1 Rc6 34. Rxb5+
Rb6 35. Ra5 Rb2 36. Bc3 Rb1 37. Kc2 Rb6 38. Ra2 Bb4 39. Bxb4 Rxb4 40. Kc3 Rb1
41. Ra3 Kc7 42. Kd3 Kb6 43. Kc3 Rg1 44. Rb3+ Kxa6 45. Ra3+ Kb6 46. Rb3+ Kc7 47.
Ra3 Rxg3 48. Rxa7+ Kb6 49. Re7 Rxe3+ 50. Kd2 Re4 51. Kd3 Kc6 52. Rxg7 Rxf4 53.
Ra7 Rxh4 54. Ra6+ Kd7 55. Ra7+ Kd6 56. Ra6+ Ke7 57. Ra7+ Kf6 58. Ra8 Rh3+ 59.
Ke2 Rh4 60. Ke3 Re4+ 61. Kd3 Kg5 62. Rg8+ Kh4 63. Rg1 f4 64. Rh1+ Kg5 65. Rg1+
Kh6 66. Rg8 h4 67. Rh8+ Kg5 68. Rg8+ Kh5 69. Rh8+ Kg4 70. Rg8+ Kh3 71. Kd2 f3
72. Rf8 Kg2 73. Rg8+ Kf1 74. Rh8 f2 75. Rg8 Rxd4+ 76. Ke3 Re4+ 77. Kf3 Ke1 78.
Rg1+ fxg1=N+ 0-1

[Event "World Rapid 2018"]
[Site "St Petersburg RUS"]
[Date "2018.12.26"]
[Round "4.100"]
[White "Al Turky, Fahad A"]
[Black "Dubrovin, Robert"]
[Result "0-1"]
[WhiteElo "1836"]
[BlackElo "2220"]
[WhiteFideId "21500401"]
[BlackFideId "4501829"]
[EventDate "2018.12.26"]

1. e4 e6 2. d4 d5 3. exd5 exd5 4. Nf3 c5 5. Bb5+ Nc6 6. O-O Nf6 7. Bg5 Be7 8.
Ne5 Qb6 9. Bxc6+ bxc6 10. dxc5 Qxc5 11. Nd2 O-O 12. Nb3 Qb6 13. c4 Be6 14. cxd5
cxd5 15. Nd4 Bg4 16. Qd3 Bh5 17. Nf5 Rfe8 18. Nxe7+ Rxe7 19. Bxf6 Qxf6 20. Qxd5
Rc8 21. Nd7 Qh4 22. Rfe1 Bg4 23. Rxe7 Qxe7 24. Ne5 Be6 25. Qa5 Qg5 26. Re1 f6
27. Qa6 Re8 28. Nf3 Qd5 29. Qxa7 h5 30. Nd4 Bf7 31. Rxe8+ Bxe8 32. h3 Bg6 33. a4
Qa2 34. Qb8+ Kh7 35. Qb7 Qxa4 36. Qb3 0-1

[Event "World Rapid 2018"]
[Site "St Petersburg RUS"]
[Date "2018.12.26"]
[Round "4.101"]
[White "Alsulaymi, Abdullah M"]
[Black "Perdomo, Carlos Andres"]
[Result "0-1"]
[BlackTitle "IM"]
[WhiteElo "1833"]
[BlackElo "2301"]
[WhiteFideId "21511390"]
[BlackFideId "4400852"]
[EventDate "2018.12.26"]

1. e4 c5 2. b4 b6 3. bxc5 bxc5 4. Nf3 Bb7 5. Nc3 Nc6 6. Bc4 e6 7. O-O Na5 8. Bb5
Nf6 9. d3 Be7 10. Rb1 O-O 11. Bf4 d5 12. exd5 exd5 13. Re1 d4 14. Ne4 Bd5 15.
Qd2 Nc6 16. c4 dxc3 17. Nxc3 Bxf3 18. gxf3 Nd4 19. Kg2 Nh5 20. Bc4 Bd6 21. Bg5
Qd7 22. Ne4 Kh8 23. Nxd6 Qxd6 24. Be7 Qc6 25. Re4 Nxf3 26. Kxf3 f5 27. Bxf8 Rxf8
28. Rg1 fxe4+ 29. Ke2 Nf4+ 30. Kd1 exd3 31. Re1 Qa4+ 32. Bb3 Qd4 0-1

[Event "World Rapid 2018"]
[Site "St Petersburg RUS"]
[Date "2018.12.26"]
[Round "4.102"]
[White "Ahmed, Hassan Abdillahi"]
[Black "Danielyan, Vahe"]
[Result "0-1"]
[BlackTitle "FM"]
[WhiteElo "1570"]
[BlackElo "2220"]
[WhiteFideId "32500033"]
[BlackFideId "13304828"]
[EventDate "2018.12.26"]

1. d4 Nf6 2. c4 c5 3. d5 b5 4. b3 g6 5. Bb2 Bg7 6. Nd2 O-O 7. Qc2 bxc4 8. bxc4
d6 9. Ngf3 Na6 10. a3 Rb8 11. Bc3 Bf5 12. Qa4 Nc7 13. Rc1 e6 14. Bxf6 Bxf6 15.
e4 Bg4 16. Be2 exd5 17. cxd5 Bb2 18. Rc2 Bd7 19. Qxa7 Bf6 20. O-O Nb5 21. Bxb5
Bxb5 22. Re1 Bd3 23. Rcc1 Bb2 24. Rcd1 Bc2 25. Nc4 Bxd1 26. Rxd1 Re8 27. e5 dxe5
28. d6 Bd4 29. Re1 h6 30. g3 Qf6 31. Kg2 Rbd8 32. Nxd4 cxd4 33. Qc7 d3 34. Re3
d2 35. Rd3 e4 36. Rxd2 Qf3+ 37. Kg1 Rb8 38. Rb2 Rxb2 39. Nxb2 e3 40. Nd3 exf2+
41. Kf1 Qxd3+ 42. Kxf2 Re2+ 0-1

[Event "World Rapid 2018"]
[Site "St Petersburg RUS"]
[Date "2018.12.26"]
[Round "5.9"]
[White "Karjakin, Sergey"]
[Black "Salem, A.R. Saleh"]
[Result "1/2-1/2"]
[WhiteTitle "GM"]
[BlackTitle "GM"]
[WhiteElo "2753"]
[BlackElo "2660"]
[WhiteFideId "14109603"]
[BlackFideId "9301348"]
[EventDate "2018.12.26"]

1. e4 c5 2. Nf3 d6 3. d4 cxd4 4. Nxd4 Nf6 5. Nc3 a6 6. a4 g6 7. Be2 Bg7 8. O-O
O-O 9. Be3 Nc6 10. Qd2 d5 11. exd5 Nxd5 12. Nxd5 Nxd4 13. Bc4 Be6 14. Bxd4 Bxd5
15. Bxg7 Bxc4 16. Qc3 Bxf1 17. Bxf8 Qxf8 18. Rxf1 Qd8 19. g3 Rc8 20. Qb3 Qc7 21.
c3 Rd8 22. Rd1 Rxd1+ 23. Qxd1 a5 24. Qd5 b6 25. Kf1 e6 26. Qd4 Qc6 27. Ke2 h5
28. h4 Kf8 29. Kd3 Ke7 30. Qe4 Qc5 31. Qd4 Qc6 32. Qe4 Qc5 1/2-1/2

[Event "World Rapid 2018"]
[Site "St Petersburg RUS"]
[Date "2018.12.26"]
[Round "5.12"]
[White "Zubov, Alexander"]
[Black "Mamedov, Rauf"]
[Result "1-0"]
[WhiteTitle "GM"]
[BlackTitle "GM"]
[WhiteElo "2597"]
[BlackElo "2703"]
[WhiteFideId "14109409"]
[BlackFideId "13401653"]
[EventDate "2018.12.26"]

1. d4 Nf6 2. c4 g6 3. Nc3 Bg7 4. Bg5 O-O 5. e3 c5 6. Bxf6 exf6 7. dxc5 f5 8.
Nge2 Qa5 9. Qd2 Qxc5 10. Nf4 Nc6 11. Rc1 d6 12. Nfd5 Qa5 13. Be2 Be6 14. b3 Rfe8
15. Nb5 Qxd2+ 16. Kxd2 Red8 17. Nbc7 Rac8 18. Rhd1 Kf8 19. Ke1 a6 20. f4 Bd7 21.
Rd2 Nb8 22. Na8 Be6 23. Nab6 Rc6 24. Kf2 a5 25. Bf3 Na6 26. Na4 Nc5 27. Nac3
Bxd5 28. Nxd5 Rcc8 29. Nb6 Rc7 30. Rcd1 Re8 31. Rxd6 Rce7 32. Nd5 Re6 33. Nc7
Rxd6 34. Rxd6 Rc8 35. Nd5 Bb2 36. Ke2 Re8 37. Rb6 Bc1 38. Rb5 Ba3 39. Rxa5 1-0

[Event "World Rapid 2018"]
[Site "St Petersburg RUS"]
[Date "2018.12.26"]
[Round "5.14"]
[White "Guseinov, Gadir"]
[Black "Shirov, Alexei"]
[Result "1/2-1/2"]
[WhiteTitle "GM"]
[BlackTitle "GM"]
[WhiteElo "2664"]
[BlackElo "2643"]
[WhiteFideId "13401378"]
[BlackFideId "2209390"]
[EventDate "2018.12.26"]

1. e4 e5 2. Nf3 Nc6 3. Bb5 a6 4. Bxc6 dxc6 5. O-O f6 6. d4 Bg4 7. c3 Bd6 8. Nbd2
Ne7 9. h3 Bh5 10. dxe5 Bxe5 11. Nc4 Qxd1 12. Rxd1 Bxf3 13. gxf3 Ng6 14. Be3 b6
15. Kf1 Ke7 16. Rd2 Rad8 17. Nxe5 Nxe5 18. Ke2 Nc4 19. Rxd8 Rxd8 20. Rg1 g6 21.
b3 Nd6 22. h4 Ke6 23. Bf4 f5 24. Bxd6 cxd6 25. h5 Kf6 26. hxg6 hxg6 27. Rh1 d5
28. Rh7 dxe4 29. fxe4 Re8 30. Rb7 Rxe4+ 31. Kf1 b5 32. Rb6 Re6 33. Rxa6 g5 34.
a4 1/2-1/2

[Event "World Rapid 2018"]
[Site "St Petersburg RUS"]
[Date "2018.12.26"]
[Round "5.15"]
[White "Vitiugov, Nikita"]
[Black "Jakovenko, Dmitry"]
[Result "1-0"]
[WhiteTitle "GM"]
[BlackTitle "GM"]
[WhiteElo "2719"]
[BlackElo "2735"]
[WhiteFideId "4152956"]
[BlackFideId "4122356"]
[EventDate "2018.12.26"]

1. e4 e5 2. Nf3 Nc6 3. Bc4 Bc5 4. c3 Nf6 5. d4 exd4 6. e5 d5 7. Be2 Ne4 8. cxd4
Bb4+ 9. Bd2 Nxd2 10. Nbxd2 O-O 11. O-O Ba5 12. Bb5 Ne7 13. Bd3 Bf5 14. Nb3 Bb6
15. Bxf5 Nxf5 16. Qd3 Qd7 17. Rac1 c6 18. Nc5 Bxc5 19. Rxc5 g6 20. Qd2 Ng7 21.
Rc3 Qe7 22. h3 Ne6 23. Re1 Rae8 24. Rce3 c5 25. dxc5 Qxc5 26. Rd3 Rd8 27. Qh6
Rfe8 28. Nh2 Qf8 29. Qd2 d4 30. Ng4 Kh8 31. Nf6 Re7 32. Re4 g5 33. h4 Qh6 34.
Rg3 d3 35. hxg5 Qg6 36. Rxd3 Rxd3 37. Qxd3 Rc7 38. Qd2 Rc8 39. Rh4 Rd8 40. Qc1
Nf8 41. Kh2 Kg7 42. Qc7 Rd2 43. e6 Nxe6 44. Qe5 Kf8 45. Rh6 Qc2 46. Rxh7 Rd8 47.
Rh8+ Ke7 48. Rxd8 Kxd8 49. Qd6+ Kc8 50. Qd7+ Kb8 51. Qe8+ Qc8 52. Qxc8+ Kxc8 53.
Ne4 Kd7 54. Kg3 Kc6 55. f4 Nd4 56. Kg4 Kd5 57. Nf6+ Ke6 58. Nh5 b5 59. Ng7+ Kd5
60. Nf5 Nc2 61. Nh6 Ke6 62. f5+ Ke7 63. Kh5 Ne3 64. g4 1-0

[Event "World Rapid 2018"]
[Site "St Petersburg RUS"]
[Date "2018.12.26"]
[Round "5.17"]
[White "Sjugirov, Sanan"]
[Black "Sarana, Alexey"]
[Result "1-0"]
[WhiteTitle "GM"]
[BlackTitle "GM"]
[WhiteElo "2663"]
[BlackElo "2618"]
[WhiteFideId "4189302"]
[BlackFideId "24133795"]
[EventDate "2018.12.26"]

1. d4 Nf6 2. c4 e6 3. Nc3 Bb4 4. Qc2 O-O 5. a3 Bxc3+ 6. Qxc3 b6 7. Bg5 Bb7 8. e3
d6 9. f3 h6 10. Bh4 d5 11. cxd5 exd5 12. Bd3 Nbd7 13. Ne2 c5 14. O-O Qe7 15. Bf2
Rac8 16. Qd2 Rfe8 17. Rfe1 Nf8 18. Ng3 Bc6 19. Nf5 Qd7 20. Bc2 Ng6 21. dxc5 bxc5
22. b4 cxb4 23. axb4 Bb5 24. Nd4 Qb7 25. Nxb5 Qxb5 26. Ba4 Qb7 27. Bxe8 Rxe8 28.
Qd4 a6 29. Rec1 Ne5 30. Bg3 Nc6 31. Qc5 Re6 32. Bd6 Na7 33. Qc7 Qxc7 34. Rxc7
Nb5 35. Rc8+ Kh7 36. Bc5 Nd7 37. Kf2 Kg6 38. Rd8 Nf6 39. Ra8 Nc7 40. Ra7 Rc6 41.
Rb7 Nd7 42. Bd4 f6 43. g4 Nf8 44. f4 Rc2+ 45. Kg3 f5 46. Rb6+ Nfe6 47. Raxa6 Kf7
48. Ra7 fxg4 49. Be5 h5 50. f5 g5 51. fxe6+ Kg6 52. Rxc7 h4+ 53. Kxg4 Rg2+ 54.
Kf3 h3 55. e7+ Kh5 56. e8=Q+ 1-0

[Event "World Rapid 2018"]
[Site "St Petersburg RUS"]
[Date "2018.12.26"]
[Round "5.19"]
[White "Alekseenko, Kirill"]
[Black "Anton Guijarro, David"]
[Result "0-1"]
[WhiteTitle "GM"]
[BlackTitle "GM"]
[WhiteElo "2638"]
[BlackElo "2642"]
[WhiteFideId "4135539"]
[BlackFideId "2285525"]
[EventDate "2018.12.26"]

1. e4 e5 2. Nf3 Nc6 3. Bb5 a6 4. Ba4 Nf6 5. O-O Nxe4 6. d4 b5 7. Bb3 d5 8. dxe5
Be6 9. Be3 Be7 10. c3 O-O 11. Nbd2 Nxd2 12. Qxd2 Na5 13. Bc2 Nc4 14. Qd3 g6 15.
Bc1 Qd7 16. Re1 a5 17. Nd4 a4 18. Qe2 Bg4 19. f3 Be6 20. Bd3 c5 21. Nxe6 fxe6
22. Rb1 Rab8 23. g3 Na5 24. Kg2 c4 25. Bc2 b4 26. h4 b3 27. axb3 axb3 28. Bd1
Nb7 29. Qf2 Nc5 30. Be2 Ra8 31. Be3 Qc7 32. f4 Ra2 33. Kh3 Kh8 34. Bd4 Ne4 35.
Qe3 Bc5 36. Bf3 Bxd4 37. cxd4 Rd8 38. Rec1 Qc6 39. Bxe4 dxe4 40. Qxb3 Ra4 41.
Qe3 Qd5 42. Rd1 Rb4 43. h5 Rb3 44. Qe2 gxh5 45. Qxh5 Rg8 46. Rg1 e3 47. Ra1 Rb7
48. Qh6 Rf7 49. Ra6 Rg6 50. Qh4 Kg7 51. Rd6 Qf3 52. Rd8 e2 53. Kh2 Qf2+ 0-1

[Event "World Rapid 2018"]
[Site "St Petersburg RUS"]
[Date "2018.12.26"]
[Round "5.20"]
[White "Akopian, Vladimir"]
[Black "Khanin, Semen"]
[Result "1/2-1/2"]
[WhiteTitle "GM"]
[BlackTitle "IM"]
[WhiteElo "2650"]
[BlackElo "2514"]
[WhiteFideId "13300032"]
[BlackFideId "4111990"]
[EventDate "2018.12.26"]

1. Nf3 Nf6 2. g3 g6 3. b3 Bg7 4. Bb2 O-O 5. Bg2 d6 6. c4 e5 7. O-O Re8 8. d3 Nc6
9. Nbd2 a5 10. a3 Bd7 11. e3 Qc8 12. d4 exd4 13. Nxd4 Bh3 14. Nxc6 Bxg2 15. Kxg2
bxc6 16. Qf3 Ne4 17. Nxe4 Bxb2 18. Rab1 Bg7 19. Ng5 Qd7 20. b4 axb4 21. axb4 h6
22. Nh3 g5 23. Ng1 Ra2 24. h3 Re5 25. g4 f5 26. Ne2 fxg4 27. hxg4 h5 28. Nd4
hxg4 29. Qxc6 Qxc6+ 30. Nxc6 Rxe3 31. Rbe1 Rf3 32. Re8+ Rf8 33. Rxf8+ Kxf8 34.
Re1 Bf6 35. Re4 Kf7 36. Rxg4 Kg6 37. Kg3 Kf5 38. Nd4+ Bxd4 39. Rxd4 Rc2 40. b5
Ke5 41. Rd5+ Kf6 42. Rd4 Ke5 43. Rd5+ 1/2-1/2

[Event "World Rapid 2018"]
[Site "St Petersburg RUS"]
[Date "2018.12.26"]
[Round "5.26"]
[White "Salgado Lopez, Ivan"]
[Black "Jobava, Baadur"]
[Result "1/2-1/2"]
[WhiteTitle "GM"]
[BlackTitle "GM"]
[WhiteElo "2629"]
[BlackElo "2627"]
[WhiteFideId "2257327"]
[BlackFideId "13601520"]
[EventDate "2018.12.26"]

1. e4 e5 2. Nf3 Nf6 3. Nxe5 d6 4. Nf3 Nxe4 5. Qe2 Qe7 6. d3 Nf6 7. Nc3 Nc6 8.
Bg5 Qxe2+ 9. Bxe2 Be7 10. O-O-O O-O 11. Rhe1 1/2-1/2

[Event "World Rapid 2018"]
[Site "St Petersburg RUS"]
[Date "2018.12.26"]
[Round "5.27"]
[White "Cheparinov, Ivan"]
[Black "Antipov, Mikhail Al."]
[Result "1/2-1/2"]
[WhiteTitle "GM"]
[BlackTitle "GM"]
[WhiteElo "2709"]
[BlackElo "2589"]
[WhiteFideId "2905540"]
[BlackFideId "4107012"]
[EventDate "2018.12.26"]

1. Nf3 Nf6 2. c4 c6 3. d4 d5 4. g3 Bf5 5. Nc3 e6 6. Nh4 Bg4 7. h3 Bh5 8. Qb3 Qb6
9. g4 Bg6 10. Nxg6 hxg6 11. Bg2 Nbd7 12. Bf4 Be7 13. c5 Qa6 14. O-O b6 15. cxb6
axb6 16. e4 O-O 17. exd5 Nxd5 18. Nxd5 cxd5 19. Rfc1 Rfc8 20. Bf1 Qa7 21. Bb5 g5
22. Be3 Nf8 23. a4 Ng6 24. Rc3 Nf4 25. h4 g6 26. Rac1 Rxc3 27. Qxc3 Bd6 28. Qd2
Qe7 29. Rc6 Kg7 30. Rxd6 Qxd6 31. hxg5 Nh3+ 32. Kg2 Rh8 33. b4 f6 34. gxf6+ Kxf6
35. a5 bxa5 36. bxa5 g5 37. a6 Qa3 38. Bd3 Qa1 39. Bxg5+ Kf7 40. Bf1 Nxg5 41.
Qf4+ Kg6 42. Bd3+ Ne4 43. Bxe4+ dxe4 44. Qxe4+ Kf7 45. Qf4+ Kg6 46. Qe4+ Kf7 1/2-1/2

[Event "World Rapid 2018"]
[Site "St Petersburg RUS"]
[Date "2018.12.26"]
[Round "5.28"]
[White "Postny, Evgeny"]
[Black "Morozevich, Alexander"]
[Result "1/2-1/2"]
[WhiteTitle "GM"]
[BlackTitle "GM"]
[WhiteElo "2615"]
[BlackElo "2656"]
[WhiteFideId "2804344"]
[BlackFideId "4116992"]
[EventDate "2018.12.26"]

1. d4 Nf6 2. c4 c5 3. d5 g6 4. Nc3 Bg7 5. e4 O-O 6. Nf3 d6 7. h3 e6 8. Bd3 exd5
9. exd5 Re8+ 10. Be3 Rxe3+ 11. fxe3 Qe7 12. O-O Nbd7 13. Qd2 b6 14. Rae1 Ba6 15.
b3 Ne5 16. Nxe5 Qxe5 17. Nd1 Re8 18. Rf3 Qe7 19. Ref1 Rf8 20. Kh1 Nd7 21. Be2
Ne5 22. R3f2 Bc8 23. e4 h5 24. Nb2 Nd7 25. Bf3 Bd4 26. Re2 Ne5 27. Nd3 Nxd3 28.
Qxd3 Qh4 29. Rd2 f5 30. Rdd1 Be5 31. Be2 f4 32. Qf3 Kg7 33. a3 Qe7 34. b4 g5 35.
g4 hxg4 36. hxg4 Rh8+ 37. Kg2 Rh4 38. bxc5 bxc5 39. Rh1 Bxg4 40. Qxg4 Rxg4+ 41.
Bxg4 Qe8 42. Rb1 f3+ 43. Kxf3 Qa4 44. Rb7+ Kf8 45. Rb8+ Kg7 46. Rb7+ Kf8 47.
Rb8+ Kg7 48. Rb7+ Kf8 49. Rb8+ 1/2-1/2

[Event "World Rapid 2018"]
[Site "St Petersburg RUS"]
[Date "2018.12.26"]
[Round "5.29"]
[White "Amonatov, Farrukh"]
[Black "Frolyanov, Dmitry"]
[Result "0-1"]
[WhiteTitle "GM"]
[BlackTitle "GM"]
[WhiteElo "2614"]
[BlackElo "2517"]
[WhiteFideId "14700077"]
[BlackFideId "4151976"]
[EventDate "2018.12.26"]

1. e4 c5 2. Nc3 Nc6 3. Bb5 Nd4 4. Nf3 e6 5. O-O a6 6. Bd3 Nc6 7. b3 d6 8. Bb2
Nf6 9. Re1 Be7 10. e5 dxe5 11. Nxe5 Nxe5 12. Rxe5 Bd7 13. Qf3 Bc6 14. Qh3 Qc7
15. Rae1 O-O-O 16. a4 h5 17. Ba3 Bd6 18. Rg5 Ng4 19. Bxc5 Bxh2+ 20. Kf1 Bf4 21.
Rxh5 Rxh5 22. Qxh5 Nf6 23. Qd1 Rh8 24. Be3 Qe5 25. f3 Rh1+ 26. Ke2 Rh2 27. Rh1
Bxe3 28. dxe3 Bxf3+ 0-1

[Event "World Rapid 2018"]
[Site "St Petersburg RUS"]
[Date "2018.12.26"]
[Round "5.31"]
[White "Tsydypov, Zhamsaran"]
[Black "Petrosian, Tigran L."]
[Result "0-1"]
[WhiteTitle "IM"]
[BlackTitle "GM"]
[WhiteElo "2529"]
[BlackElo "2598"]
[WhiteFideId "4108566"]
[BlackFideId "13301616"]
[EventDate "2018.12.26"]

1. e4 g6 2. d4 Bg7 3. Nf3 d6 4. Bc4 Nf6 5. Qe2 O-O 6. e5 dxe5 7. dxe5 Nd5 8. h3
Nb6 9. Bb3 a5 10. a3 a4 11. Ba2 Nc6 12. O-O Nd4 13. Nxd4 Qxd4 14. Re1 Ra5 15. e6
Bxe6 16. c3 Qd6 17. Bxe6 Qxe6 18. Qxe6 fxe6 19. Rxe6 Rd8 20. Nd2 Bh6 21. Nf1 Rd1
22. Bxh6 Rxa1 23. Rxe7 Rh5 24. Bd2 Rd5 25. Bh6 Rd7 0-1